[Event "AUTO-OPEN-3585"]
[Site "http://www.queenalice.com/game.php?id=1448135"]
[Date "2016.11.5"]
[Round "2"]
[White "Laercio"]
[Black "HakunaMatata"]
[Result "0-1"]
[WhiteElo "2117"]
[BlackElo "2162"]

1. e4 e6 2. Nf3 d5 3. exd5 exd5 4. d4 Nc6 5. Bb5 Bd7 6. O-O Bd6 7. Re1+ Nge7 8.
Nc3 O-O 9. Bxc6 bxc6 10. a3 Bg4 11. Qd3 Bf5 12. Qd2 Ng6 13. Ne2 Qd7 14. Ng3 Bg4
15. Ne5 Nxe5 16. dxe5 Bc5 17. b4 Bb6 18. Bb2 Rae8 19. Qc3 Be6 20. Nf5 f6 21. Ng3
fxe5 22. Rf1 d4 23. Qe1 Bc4 24. Ne2 Qg4 25. Ng3 Bxf1 26. Qxf1 d3 27. Qxd3 Bxf2+
28. Kh1 Bxg3 29. hxg3 Rf5 30. Kg1 Rg5 31. Bc1 Rg6 32. Bb2 Qxg3 33. Qxg3 Rxg3 34.
c4 Kf7 35. Rf1+ Ke6 36. Kh2 Re3 37. Rf2 Re4 38. Rc2 Rf8 0-1

[Event "AUTO-OPEN-3585"]
[Site "http://www.queenalice.com/game.php?id=1448138"]
[Date "2016.11.5"]
[Round "2"]
[White "rmvwoods"]
[Black "Laercio"]
[Result "1-0"]
[WhiteElo "2100"]
[BlackElo "2134"]

1. d4 d5 2. c4 c6 3. Nf3 Nf6 4. Nc3 g6 5. cxd5 cxd5 6. Bf4 Bg7 7. e3 O-O 8. Qd2
Nc6 9. Bd3 b6 10. O-O Nh5 11. Bg5 h6 12. Bh4 g5 13. Bg3 Nxg3 14. fxg3 e6 15. h4
g4 16. Nh2 h5 17. Ne2 Qd6 18. Nf4 f5 19. Nxh5 Nb4 20. Be2 Bb7 21. e4 dxe4 22. a3
Nc6 23. Nxg7 Kxg7 24. Qg5+ Kf7 25. Nxg4 Qxd4+ 26. Kh2 Qxb2 27. Nh6+ Ke8 28. Bh5+
Kd7 29. Rfd1+ Kc7 30. Rac1 Rad8 31. Nf7 Rxd1 32. Rxd1 b5 33. Qf4+ Kb6 34. Qd6
Rc8 35. Qxe6 Qxa3 36. Qxf5 e3 37. Nd6 Qa6 38. Nxc8+ Bxc8 39. Qd3 Qa4 40. Qxe3+
Kb7 41. Bf3 b4 42. Bxc6+ Qxc6 43. Qe7+ 1-0

[Event "AUTO-OPEN-3585"]
[Site "http://www.queenalice.com/game.php?id=1448139"]
[Date "2016.11.5"]
[Round "2"]
[White "Laercio"]
[Black "rmvwoods"]
[Result "0-1"]
[WhiteElo "2128"]
[BlackElo "2113"]

1. e4 c5 2. Nf3 d6 3. Nc3 Nf6 4. Bc4 e6 5. O-O Be7 6. d3 O-O 7. a3 Nbd7 8. b4 b6
9. Bb2 Bb7 10. Qd2 d5 11. exd5 exd5 12. Ba2 d4 13. Ne2 Bxf3 14. gxf3 Ne5 15. Kh1
Qc7 16. Ng3 Nxf3 17. Qe2 Qb7 18. Ne4 Nh4 19. Kg1 Rfe8 20. Nxf6+ Bxf6 21. Qg4 h5
22. Qg3 Nf3+ 23. Kh1 Nd2+ 24. Kg1 Nxf1 25. Rxf1 Re5 26. f4 Re2 27. Bb3 Rae8 28.
Bc1 Bh4 29. Qh3 Re1 30. Qg2 Rxf1+ 0-1

[Event "AUTO-OPEN-3694"]
[Site "http://www.queenalice.com/game.php?id=1453888"]
[Date "2016.12.7"]
[Round "2"]
[White "muppyman"]
[Black "Laercio"]
[Result "1-0"]
[WhiteElo "2219"]
[BlackElo "2087"]

1. e4 e5 2. Nf3 Nc6 3. Bb5 d6 4. c3 Bd7 5. d4 exd4 6. cxd4 a6 7. Be2 Nf6 8. Nc3
Be7 9. h3 O-O 10. a3 Re8 11. e5 1-0

[Event "AUTO-OPEN-3694"]
[Site "http://www.queenalice.com/game.php?id=1453889"]
[Date "2016.12.7"]
[Round "2"]
[White "Laercio"]
[Black "muppyman"]
[Result "0-1"]
[WhiteElo "2103"]
[BlackElo "2233"]

1. e4 e6 2. Nf3 d5 3. exd5 exd5 4. d4 Nf6 5. Nc3 Bd6 6. Bd3 O-O 7. O-O h6 8. Be3
a6 9. Qd2 Re8 10. Rfe1 Ne4 11. Bxe4 dxe4 12. Ne5 Bxe5 13. Nxe4 Bxh2+ 0-1

[Event "AUTO-OPEN-3694"]
[Site "http://www.queenalice.com/game.php?id=1453892"]
[Date "2016.12.7"]
[Round "2"]
[White "echo92"]
[Black "Laercio"]
[Result "1/2-1/2"]
[WhiteElo "2148"]
[BlackElo "2076"]

1. e4 e5 2. Nf3 Nc6 3. Bb5 d6 4. O-O Bd7 5. d4 a6 6. Bxc6 bxc6 7. dxe5 dxe5 8.
Nxe5 Nf6 9. Re1 Be7 10. Nd2 O-O 11. Ndc4 a5 12. b3 a4 13. Bg5 Be8 14. Qxd8 Bxd8
15. Bd2 c5 16. Rad1 axb3 17. axb3 Bb5 18. Bc3 Re8 19. f3 c6 20. Nd6 Re7 21. Ra1
Rea7 22. Nexf7 Rxa1 23. Rxa1 Rxa1+ 24. Bxa1 Bc7 25. c4 Ba6 26. e5 Nh5 27. e6 Kf8
28. Be5 Ke7 29. Nf5+ Kxe6 30. Bxc7 Kxf7 31. Bb6 Ke6 32. g4 g6 33. Ne3 Nf4 34.
Bxc5 Ke5 35. Kf1 Nd3 36. Bb6 Kf4 37. Nc2 Kxf3 38. Nd4+ Kxg4 39. Nxc6 Nc1 40. Nd4
Nxb3 41. Nxb3 Bxc4+ 42. Kg2 Bxb3 43. Be3 Bd5+ 44. Kg1 Kf3 45. Bg5 h5 46. h4 Kg3
47. Kf1 Be4 1/2-1/2

[Event "AUTO-OPEN-3694"]
[Site "http://www.queenalice.com/game.php?id=1453893"]
[Date "2016.12.7"]
[Round "2"]
[White "Laercio"]
[Black "echo92"]
[Result "0-1"]
[WhiteElo "2121"]
[BlackElo "2132"]

1. e4 Nf6 2. Nc3 d5 3. e5 Nfd7 4. d4 e6 5. Nf3 c5 6. Be2 Nc6 7. Be3 a6 8. O-O b5
9. a3 Be7 10. b3 O-O 11. Qd2 f6 12. exf6 Bxf6 13. Bd1 cxd4 14. Bxd4 e5 15. Nxd5
exd4 16. Rb1 Bb7 17. Nf4 Re8 18. g3 Nc5 19. Re1 Rxe1+ 20. Nxe1 Qd6 21. Nfd3 Ne4
22. Qc1 Re8 23. Bf3 Bg5 24. Qb2 Nd2 25. Rd1 Nxf3+ 26. Nxf3 Qd5 0-1

[Event "AUTO-MASTER-2502"]
[Site "http://www.queenalice.com/game.php?id=1467322"]
[Date "2017.3.4"]
[Round "2"]
[White "Laercio"]
[Black "Sacapiece"]
[Result "0-1"]
[WhiteElo "2169"]
[BlackElo "2284"]

1. e4 c5 2. Nf3 d6 3. Nc3 Nc6 4. d4 cxd4 5. Nxd4 Nf6 6. Bb5 Bd7 7. Be3 g6 8. O-O
Bg7 9. Be2 O-O 10. Nb3 Na5 11. Qd2 Nxb3 12. axb3 a6 13. Rfd1 Rc8 14. Bg5 Be6 15.
Qe3 Qc7 16. Nd5 Bxd5 17. Bxf6 Bxf6 18. exd5 Qxc2 19. Bf3 Qxb2 20. Rab1 Qa3 21.
Qb6 Rb8 22. Qe3 Rfc8 23. Be4 Qa5 24. g3 Rc3 25. Qh6 Qb4 0-1

[Event "AUTO-MASTER-2502"]
[Site "http://www.queenalice.com/game.php?id=1467323"]
[Date "2017.3.4"]
[Round "2"]
[White "Sacapiece"]
[Black "Laercio"]
[Result "1/2-1/2"]
[WhiteElo "2281"]
[BlackElo "2185"]

1. e4 e5 2. Nf3 Nc6 3. Bb5 d6 4. d4 Bd7 5. c3 a6 6. Ba4 Nf6 7. O-O b5 8. Bc2 Be7
9. Re1 O-O 10. Nbd2 Bg4 11. d5 Na7 12. h3 Bxf3 13. Qxf3 c5 14. Nf1 a5 15. Ng3 g6
16. Bh6 Re8 17. Nf5 Bf8 18. Bxf8 Rxf8 19. Ng3 b4 20. h4 h5 21. c4 Qe7 22. Bd1
Nc8 23. Qe3 Kh7 24. b3 Ng4 25. Bxg4 hxg4 26. h5 Qh4 27. f4 gxf3 28. Qxf3 Ne7 29.
Rf1 Ng8 30. Kf2 Kg7 31. Rh1 Qf4 32. Ne2 Qxf3+ 33. gxf3 Nh6 34. Rag1 Rh8 35. f4
Kf6 36. hxg6 fxg6 37. fxe5+ dxe5 38. Rh4 Rag8 39. Rgh1 Nf7 40. Rxh8 Rxh8 1/2-1/2

[Event "AUTO-OPEN-3584"]
[Site "http://www.queenalice.com/game.php?id=1468311"]
[Date "2017.3.11"]
[Round "3"]
[White "Laercio"]
[Black "leduar"]
[Result "1/2-1/2"]
[WhiteElo "2162"]
[BlackElo "2235"]

1. e4 e5 2. Nf3 Nc6 3. Bb5 a6 4. Bxc6 dxc6 5. O-O Bg4 6. d3 Bc5 7. Be3 Bxe3 8.
fxe3 c5 9. Qe1 Bxf3 10. Rxf3 Nf6 11. Nc3 c6 12. Qg3 O-O 13. Raf1 Kh8 14. Qxe5 b6
15. Ne2 Ng4 16. Qg3 Nh6 17. Nf4 Qc8 18. h3 Ra7 19. Nh5 f6 20. e5 f5 21. e4 Qe6
22. Nf4 Qe7 23. Nh5 Qe6 24. Nf4 Qe7 1/2-1/2

[Event "AUTO-OPEN-3584"]
[Site "http://www.queenalice.com/game.php?id=1468312"]
[Date "2017.3.11"]
[Round "3"]
[White "leduar"]
[Black "Laercio"]
[Result "1-0"]
[WhiteElo "2225"]
[BlackElo "2172"]

1. e4 e5 2. Nf3 Nc6 3. Bb5 d6 4. d4 Bd7 5. Nc3 a6 6. Bxc6 bxc6 7. dxe5 Be7 8.
Bf4 Bg4 9. Qd3 f6 10. exd6 cxd6 11. O-O Rb8 12. Rab1 g5 13. Bc1 Nh6 14. Qxa6 Rb6
15. Qd3 O-O 16. Be3 Rb7 17. Nd4 c5 18. Nf5 Nxf5 19. Qd5+ 1-0